LIBRARY & INFORMATION CENTRE, KCAET, TAVANUR

ONLINE PUBLIC ACCESS CATALOGUE (OPAC)

Landslide hazard vulnerability and risk assessment for Chaliyar river basin / (Record no. 18075)

MARC details
000 -LEADER
fixed length control field 00461nam a22001697a 4500
003 - CONTROL NUMBER IDENTIFIER
control field OSt
082 ## - DEWEY DECIMAL CLASSIFICATION NUMBER
Classification number 631.587
Item number AIS/LA
088 ## - REPORT NUMBER
Report number 602
100 ## - MAIN ENTRY--AUTHOR NAME
Personal name Aiswarya L
245 ## - TITLE STATEMENT
Title Landslide hazard vulnerability and risk assessment for Chaliyar river basin /
260 ## - PUBLICATION, DISTRIBUTION, ETC. (IMPRINT)
Name of publisher Department of Irrigation and Drainage Engineering
Year of publication 2024
300 ## - PHYSICAL DESCRIPTION
Number of Pages 265 p.
650 ## - SUBJECT ADDED ENTRY--TOPICAL TERM
Topical Term Landslide
650 ## - SUBJECT ADDED ENTRY--TOPICAL TERM
Topical Term Chaliyar river
700 ## - ADDED ENTRY--PERSONAL NAME
Personal name Rema K.P
942 ## - ADDED ENTRY ELEMENTS (KOHA)
Koha item type Theses
Holdings
Collection code Home library Current library Full call number Accession Number Koha item type Public note
Reference KAUAET KAUAET 631.587 AIS/LA T 602 Theses PhD Thesis
free website counter